00172nam a2200061Ia 4500008004100000100002300041245004600064120527s9999 xx 000 0 und d aKrugman & Obstfeld aInternational economics: theory of policy